Responses for Show #7186 - Monday, December 7, 2015

Contestants

[<< previous game]

Greg Johnson, a software engineer from Marietta, Georgia

Liz Fritz, an intake coordinator from Spring Hill, Kansas

Jon Rossiter, a college geography instructor from San Diego, California (whose 1-day cash winnings total $13,600)

[next game >>]

Jeopardy! Round responses

THE NEWSPAPER TRADE
E BEFORE I
DICE ROLL NICKNAMES
FAMILIAR BRANDS IN SONG
LITERATURE
BROOKFIELD ZOO
    $200 1
a cub

Triple Stumper
    $200 18
freight

Greg
    $200 4
two-one

Greg
    $200 9
Teen Spirit

Liz
    $200 13
the Mohicans

Greg
    $200 23
Julius Caesar

Jon
    $400 2
burying

Liz
    $400 19
an atheist

Jon
    $400 5
double sixes

Greg
    $400 10
Skippy

Liz
    $400 14
Sartre

Jon
    $400 24
anteater

Jon
    $600 3
a copy editor

Greg
    $600 20
surveillance

Liz
    $600 6
two fours

Jon
    $600 11
"Gin And Juice"

Liz
    $600 15
O. Henry

Greg
    $600 25
a raptor

Jon
    $800 7
USA Today

Jon
    $800 21
reinstate

Liz
    $800 28
9

Triple Stumper
    $800 12
Chapstick

Liz
    $2,000 16
Kim

Greg
    $800 26
keratin

Jon
    $1000 8
columns

Jon
    $1000 30
a Holstein

Jon
    $1000 29
(Greg: What is a pair of threes?)

a roll of 10 (two fives)

Greg
Triple Stumper
    $1000 22
Kodachrome

Jon
    $1000 17
Gogol

Greg
    $1000 27
El NiƱo

Greg

Scores at the first commercial break (after clue 15):

Jon Liz Greg
$2,800 $2,400 $2,000

Scores at the end of the Jeopardy! Round:

Jon Liz Greg
$7,200 $3,800 $5,200

Double Jeopardy! Round responses

WE'RE ON THE ROAD TO
(Alex: Then we want you to name the main sport in...)
SPORTS BOOK
EXPRSSIONS IN OTHER WORDS
PRIVATE
SARGENT
PULLING RANK
    $400 5
Sweden

Jon
    $400 6
golf

Liz
    $400 8
[Mild laughter at Greg's getting a clue related to his contestant interview story]

fit as a fiddle

Greg
    $400 25
(Jon: Who is
Getty?)

(John D.) Rockefeller

JonGreg
    $400 15
Douglas MacArthur

Greg
    $800 2
Brazil

Jon
    $800 7
football

Greg
    $800 9
snug as a bug in a rug

Greg
    $800 28
[The end-of-round signal sounds.]

Impressionism

Greg
    $800 16
the Battle of the Bulge

Jon
    $3,800 1
Riyadh (Saudi Arabia)

Liz
    $1200 12
horse racing

Liz
    $1200 10
(Greg: What is in the outfield?)

beyond our ken

Greg
Triple Stumper
    $1200 21
license plates

Jon
    $1200 24
(Alex: With less than a minute to go, you are right.)

Robert Louis Stevenson

Liz
    $1200 17
Grant

Jon
    $1600 3
(Greg: What is Austria?)

Italy

Greg
Triple Stumper
    $1600 13
baseball

Triple Stumper
    $1600 11
(Greg: Um... what is let them eat their cake?)
(Alex: Not quickly enough!)

let them eat cake

LizGreg
    $1600 22
[Alex reads "CCTV" as "closed circuit TV".]

the Home Office

Triple Stumper
    $1600 26
(Greg: [After Alex gave the response] I was just there.)

Isabella Stewart Gardner

Triple Stumper
    $3,000 18
(Jon: Who is... Edward III?)

Bonnie Prince Charlie

Jon
    $2000 4
(Greg: What is the Left Bank?)

the Latin Quarter (le quartier Latin)

Greg
Triple Stumper
    $2000 14
surfing

Triple Stumper
    $2000 20
a watched pot doesn't boil

Greg
    $2000 23
the Electronic Frontier Foundation

Triple Stumper
    $2000 27
Henry James

Greg
    $2000 19
(Greg: Who is Sargent Shriver?)

Bill Mauldin

Greg
Triple Stumper

Scores at the end of the Double Jeopardy! Round:

Jon Liz Greg
$8,200 $12,000 $4,400

[wagering suggestions for these scores]

Final Jeopardy! Round responses

U.S. LEGISLATION
GregWhat is the Freedom of Information Act?
$3,900
JonWhat is the Eminent Domain Act?
$3,900
LizWhat is the Freedom of Information Act? Hi Christina + Jessica
$4,401
the Freedom of Information Act

Final scores:

Jon Liz Greg
$4,300 $16,401 $8,300
3rd place: $1,000 New champion: $16,401 2nd place: $2,000

Game dynamics:

Coryat scores:

Jon Liz Greg
$11,200 $9,400 $3,200
16 R,
2 W
(including 1 DD)
12 R
(including 1 DD),
0 W
17 R
(including 1 DD),
6 W

Combined Coryat: $23,800

[game clues] [game scores] [suggest correction]

Game tape date: 2015-10-20
The J! Archive is created by fans, for fans. Scraping, republication, monetization, and malicious use prohibited; this site may use cookies and collect identifying information. See terms. The Jeopardy! game show and all elements thereof, including but not limited to copyright and trademark thereto, are the property of Jeopardy Productions, Inc. and are protected under law. This website is not affiliated with, sponsored by, or operated by Jeopardy Productions, Inc. Join the discussion at JBoard.tv.